| 000 | 01258cam a2200301 a 4500 | ||
|---|---|---|---|
| 005 | 20240619132807.0 | ||
| 008 | 100708s2003||||sp a f |||| 00| 0 spa d | ||
| 020 | _a8445811762 | ||
| 041 | _aspa | ||
| 092 |
_c616.079 _l39 _sINM |
||
| 245 |
_aInmunobiología. _bEl sistema inmunitario en condiciones de salud y enfermedad / _cCharles A. Janeway |
||
| 250 |
_a2a ed. versión en español de la 5a ed. en inglés _bTraducción de Eva Sanz ; Mario Parraga ; Antonio de la Hera y Sofía Pérez del Pulgar Gallart |
||
| 260 |
_aBarcelona: _bMasson; _c2003. |
||
| 300 |
_a731 p. _bil. |
||
| 500 | _aJaneway, C. A. Jr. et al. (2003). Inmunobiología. El sistema inmunitario en condiciones de salud y enfermedad. (2a ed.). Barcelona : Masson. | ||
| 653 | _aIntroducción a la inmunobiología e inmunidad innata | ||
| 653 | _aReconocimiento del antígeno | ||
| 653 | _aDesarrollo de repertorios de receptores de linfocitos maduros | ||
| 653 | _aRespuesta inmunitaria adaptativa | ||
| 653 | _aSistema inmunitario en la salud y enfermedad | ||
| 700 | 1 |
_aJaneway, Charles A. _91052 _dJr. |
|
| 700 | 1 |
_aTravers, Paul. _91053 |
|
| 700 | 1 |
_aWalport, Mark. _91054 |
|
| 700 | 1 |
_aShlomchik, Mark J. _91055 |
|
| 930 | _a1228 | ||
| 930 | _a1229 | ||
| 942 |
_2ddc _cBK |
||
| 999 |
_c510 _d510 |
||